Atlantis found / (Record no. 174476)

000 -LEADER
fixed length control field 01136cam a2200337 a 4500
001 - CONTROL NUMBER
control field 11767337
003 - CONTROL NUMBER IDENTIFIER
control field Nust
005 - DATE AND TIME OF LATEST TRANSACTION
control field 20220829143714.0
008 - FIXED-LENGTH DATA ELEMENTS--GENERAL INFORMATION
fixed length control field 990719s1999 nyuab 000 1 eng
010 ## - LIBRARY OF CONGRESS CONTROL NUMBER
LC control number 99039883
020 ## - INTERNATIONAL STANDARD BOOK NUMBER
International Standard Book Number 9780140287967
Terms of availability Rs. 500
035 ## - SYSTEM CONTROL NUMBER
System control number (DLC) 99039883
038 ## - RECORD CONTENT LICENSOR
Staff Name Arshad
040 ## - CATALOGING SOURCE
Original cataloging agency DLC
Transcribing agency DLC
Modifying agency DLC
050 00 - LIBRARY OF CONGRESS CALL NUMBER
Classification number PS3553.U75
Item number A94 1999
082 00 - DEWEY DECIMAL CLASSIFICATION NUMBER
Classification number 823
Author Mark CUS
100 1# - MAIN ENTRY--PERSONAL NAME
Personal name Cussler, Clive.
9 (RLIN) 12104
245 10 - TITLE STATEMENT
Title Atlantis found /
Statement of responsibility, etc. by Clive Cussler.
260 ## - PUBLICATION, DISTRIBUTION, ETC.
Place of publication, distribution, etc. New York :
Name of publisher, distributor, etc. Putnam,
Date of publication, distribution, etc. 1999.
300 ## - PHYSICAL DESCRIPTION
Extent 760 p. :
Other physical details ill., maps ;
Dimensions 24 cm.
600 10 - SUBJECT ADDED ENTRY--PERSONAL NAME
Personal name Pitt, Dirk
Titles and other words associated with a name (Fictitious character)
Form subdivision Fiction.
9 (RLIN) 12112
650 #0 - SUBJECT ADDED ENTRY--TOPICAL TERM
Topical term or geographic name entry element Atlantis (Legendary place)
Form subdivision Fiction.
9 (RLIN) 12149
650 #0 - SUBJECT ADDED ENTRY--TOPICAL TERM
Topical term or geographic name entry element Geographical myths
Form subdivision Fiction.
9 (RLIN) 12150
650 #0 - SUBJECT ADDED ENTRY--TOPICAL TERM
Topical term or geographic name entry element Lost continents
Form subdivision Fiction.
9 (RLIN) 12151
655 #7 - INDEX TERM--GENRE/FORM
Genre/form data or focus term Adventure stories.
Source of term gsafd
9 (RLIN) 6723
655 #7 - INDEX TERM--GENRE/FORM
Genre/form data or focus term Fantasy fiction.
Source of term gsafd
9 (RLIN) 1087
906 ## - LOCAL DATA ELEMENT F, LDF (RLIN)
a 7
b cbc
c orignew
d 1
e ocip
f 19
g y-gencatlg
942 ## - ADDED ENTRY ELEMENTS (KOHA)
Source of classification or shelving scheme
Koha item type Book
Holdings
Withdrawn status Lost status Source of classification or shelving scheme Damaged status Not for loan Permanent Location Current Location Shelving location Date acquired Total Checkouts Total Renewals Full call number Barcode Date last seen Date last checked out Copy number Price effective from Koha item type
          Central Library (CL) Central Library (CL) Fiction 01/27/2017 1 1 823 CUS CL564 06/23/2023 09/25/2021 1 01/27/2017 Book
© 2023 Central Library, National University of Sciences and Technology. All Rights Reserved.